|
|
|
|
| LEADER |
00939cam a2200241 7i4500 |
| 001 |
0000071606 |
| 005 |
20230215090000.0 |
| 020 |
|
|
|a 9781292154855 (electronic book)
|
| 090 |
0 |
0 |
|a QA76.9.A25
|b S73 2017
|
| 100 |
1 |
|
|a Stallings, William
|
| 245 |
1 |
0 |
|a Network security essentials :
|b applications and standards
|c William Stallings.
|
| 250 |
|
|
|a Sixthe dirtion (Global edition).
|
| 264 |
|
|
|a Harlow, England:
|b Pearson,
|c 2017.
|
| 300 |
|
|
|a 1 online resource (461 pages):
|b text file, PDF.
|
| 336 |
|
|
|a text
|2 rdacontent
|
| 337 |
|
|
|a computer
|2 rdamedia
|
| 338 |
|
|
|a online resource
|2 rdacarrier
|
| 650 |
|
0 |
|a Computer security
|
| 655 |
|
0 |
|a Electronic books
|
| 856 |
4 |
2 |
|u http://library.unisel.edu.my/web/guest/mylibrary
|
| 997 |
|
|
|a Communication, Visual Art & Computing, Faculty
|b Computing, Department
|
| 998 |
|
|
|a Computer Science (Network Security and Digital Forensic), Degree
|
| 999 |
|
|
|a EBO0014540
|b EBOOK
|c EBOOK
|e Electronic resources
|